Statistics for German Country Names Africa

Click here to take the quiz!

General Stats

  • This quiz has been taken 5 times
  • The average score is 14 of 15

Answer Stats

EnglishGerman% Correct
EgyptÄgypten
100%
DjiboutiDschibuti
100%
CameroonKamerun
100%
MoroccoMarokko
100%
MozambiqueMosambik
100%
RwandaRuanda
100%
ZimbabweSimbabwe
100%
South AfricaSüdafrika
100%
ChadTschad
100%
Equatorial GuineaÄquatorialguinea
80%
EthiopiaÄthiopien
80%
ComorosKomoren
80%
MauritaniaMauretanien
80%
Central African RepublicZentralafrikanische Republik
80%
Ivory CoastElfenbeinküste
60%

Score Distribution

Percentile by Number Answered

Percent of People with Each Score

Your Score History

You have not taken this quiz